00278nam a2200121Ia 4500003000400000005001700004008004100021020001900062040002000081100001100101245003600112260000800148OSt20240322143250.0170523s9999 xx 000 0 und d a978-8120307940 cIIMT UNIVERSITY aHANSEU 0aQUALITY COUTROL AND APPLICATION bPHI